LEADER 01851nam 22004933 450 001 9911028744703321 005 20250930085251.0 010 $a3-032-00129-3 035 $a(MiAaPQ)EBC32320640 035 $a(Au-PeEL)EBL32320640 035 $a(CKB)41018809800041 035 $a(OCoLC)1543219582 035 $a(EXLCZ)9941018809800041 100 $a20250930d2025 uy 0 101 0 $aeng 135 $aurcnu|||||||| 181 $ctxt$2rdacontent 182 $cc$2rdamedia 183 $acr$2rdacarrier 200 10$aFrom Text to Understanding $eUsing Fuzzy Sets to Analyse Free-Form Text Data 205 $a1st ed. 210 1$aCham :$cSpringer,$d2025. 210 4$dİ2025. 215 $a1 online resource (167 pages) 225 1 $aFuzzy Management Methods Series 311 08$a3-032-00128-5 330 $aSocial media and other sources of text data are still underutilized resources in public decision-making.Most public organizations and governmental bodies rely mainly only surveys, interviews and other traditional methods for gathering opinions. 410 0$aFuzzy Management Methods Series 606 $aBUSINESS & ECONOMICS / Nonprofit Organizations & Charities / General$2bisacsh 606 $aCOMPUTERS / Management Information Systems$2bisacsh 606 $aCOMPUTERS / Speech & Audio Processing$2bisacsh 615 7$aBUSINESS & ECONOMICS / Nonprofit Organizations & Charities / General 615 7$aCOMPUTERS / Management Information Systems 615 7$aCOMPUTERS / Speech & Audio Processing 700 $aSva?a$b Milos$01849534 701 $aZapletal$b Frantis?ek$01849535 701 $aHudec$b Miroslav$0871288 801 0$bMiAaPQ 801 1$bMiAaPQ 801 2$bMiAaPQ 906 $aBOOK 912 $a9911028744703321 996 $aFrom Text to Understanding$94439499 997 $aUNINA